Grammar four /
Guardado en:
| Autor Principal: | |
|---|---|
| Formato: | Libro |
| Publicado: |
New York :
Oxford University,
1994
|
| Materias: | |
| Etiquetas: |
Agregar Etiqueta
Sin Etiquetas, Sea el primero en etiquetar este registro!
|
| LEADER | 00664nam a22002055a 4500 | ||
|---|---|---|---|
| 001 | CEM.cems008719 | ||
| 008 | 130507s1994##################000#0#####d | ||
| 005 | 20210928182059.0 | ||
| 003 | CEMS | ||
| 245 | 1 | 0 | |a Grammar four / |c Jennifer Seidl |
| 260 | |a New York : |b Oxford University, |c 1994 | ||
| 300 | |a 151 p. | ||
| 020 | |a 0194313646 | ||
| 100 | 1 | |a Seidl, Jennifer | |
| 082 | 0 | 4 | |a 428.64 |
| 653 | |a Inglés | ||
| 653 | |a Inglés-textos | ||
| 859 | |a CEMS |b BIB. CEMS - Agricultura |h 428.64 |i Se42 |p A18757.95 |t Ej.1 |v 4 |3 4 | ||
| 859 | |a CEMS |b BIB. CEMS - 11 de abril |h 428.64 |i Se42 |p 18094.95 |t Ej.1 |v IV |3 IV | ||
| 859 | |a CEMS |b BIB. CEMS - 11 de abril |h 428.64 |i Se42 |p 20291.99 |t Ej.2 |v IV |3 IV | ||
